000 00915nam a22002297a 4500
999 _c2349
_d2349
003 AR-CdUCM
008 190304b ||||| |||| 00| 0 spa d
040 _aMUNICIPALIDAD PROVINCIAL DEL CUSCO
_cBIBLIOTECA MUNICIPAL DEL CUSCO
082 _a338 /
_bF61
100 _aFlores Guevara, Gustavo
_93659
110 _aCONCYTEC
_92809
245 _aAcuerdo para el Desarrollo Tecnológico Nacional /
260 _aPerú :
_bCondor Graf. ;
_c1989.
300 _a197 páginas
_btablas, cuadros
_c21cm
505 _aContenido: El esfuerzo tecnológico nacional -- Tecnologías agrícolas para el sector rural tradicional en la sierra -- Importación de tecnología intangible en Perú -- Política macroeconómica y opciones tecnológicas...
650 _aTecnología
_91571
650 _aDesarrollo
_92021
650 _aIndustria
_94386
650 _aCiencia y tecnología
_98461
942 _2ddc
_cLIBROS
945 _anom